00535nam a2200157Ia 4500008004100000041000800041082001600049100002400065245002200089260002800111300000900139500003100148700002400179999001700203952015700220230125s9999 xx 000 0 und d aeng a657.42bMOT aMotwani R K9112112 aPractical costing c1999bPointer publisher a448p aCosting ,Practical costing aMotwani R K9112112 c89059d89059 01104070aHIMRbHIMRd1999-08-27eVarma Book Distributorg650.00o657.42 MOT B01791pHIMR-BK-1791r2023-01-25 00:00:00v650.00w1999-08-27yBKzB01791